Geography Quiz

Random Geography or City Quiz

Erase the USA by Capital Quiz Stats

Quiz Updated Oct 23, 2017

Also try: Erase Europe
Challenge
Share
Tweet
Score 0/50 Timer 06:00
212 Plays Today
% Correct
???
41.6%
???
41.1%
???
41.1%
???
40.3%
???
40.2%
???
40.2%
???
40.1%
???
39.6%
???
39.5%
???
39.2%
???
39.1%
???
39%
???
38.9%
???
38.7%
???
38.7%
???
38.5%
???
38.2%
???
37.2%
???
37%
???
36.6%
???
36.2%
???
35.9%
???
35.5%
???
35.2%
???
35%
% Correct
???
34.8%
???
34.7%
???
34.7%
???
34.7%
???
34.6%
???
34.4%
???
34.3%
???
34.2%
???
34.2%
???
33.9%
???
33.8%
???
33.6%
???
33.5%
???
33.3%
???
32.8%
???
32.4%
???
32.2%
???
30.8%
???
30.5%
???
29.2%
???
28.6%
???
28%
???
27.9%
???
27.9%
???
26.9%

You're not logged in!

Compare scores with friends on all Sporcle quizzes.
Join for Free
OR
Log In

You Might Also Like...

Show Comments

Extras

Top Quizzes Today


Score Distribution

Your Account Isn't Verified!

In order to create a playlist on Sporcle, you need to verify the email address you used during registration. Go to your Sporcle Settings to finish the process.

Report this User

Report this user for behavior that violates our Community Guidelines.

Details: